000 00806nam a2200229Ia 4500
001 18712
003 GE_BSU
008 181216s||||||||xx |||||||||||||| ||und||
040 _cGE_BSU
245 _aРеферативный журнал, №10.2016.биология.
245 _bРаздел. Ботаника.Высшие растения.
245 _cгл.ред.РАН Р.В.Петров и др.
250 _aВсероссийский институт научно технической информации
260 _aМосква
260 _bвинити
260 _c2016
300 _a48ст;29см.
520 _aвыходит 12 паз в год
653 _aРеферативный журнал,биология.
653 _aპერიოდიკა
942 _cCR
999 _c51721
_d51721